Logo CIB grande

THEMATIC CARTOGRAPHY AND GEOVISUALIZATION (Registro nro. 227760)

Detalles MARC
000 -LEADER
campo de control de longitud fija 00653nam a2200241Ia 4500
005 - FECHA Y HORA DE LA ÚLTIMA TRANSACCIÓN
campo de control 20250425162350.0
008 - DATOS DE LONGITUD FIJA--INFORMACIÓN GENERAL
campo de control de longitud fija 250425s9999 xx 000 0 und d
020 ## - NÚMERO INTERNACIONAL ESTÁNDAR DEL LIBRO
Número Internacional Estándar del Libro 9780132298346
041 ## - CÓDIGO DE IDIOMA
Código de lengua del texto/banda sonora o título independiente eng
082 ## - NÚMERO DE LA CLASIFICACIÓN DECIMAL DEWEY
Número de clasificación 526
010 ## - NÚMERO DE CONTROL DE LA BIBLIOTECA DEL CONGRESO
Número de control de LC 66299
100 ## - ENTRADA PRINCIPAL--NOMBRE DE PERSONA
Nombre de persona SLOCUM TERRY A., MCMASTER ROBERT B., KESSLER FRITZ C., HOWARD HUGH H.
245 #0 - MENCIÓN DEL TÍTULO
Título THEMATIC CARTOGRAPHY AND GEOVISUALIZATION
250 ## - MENCION DE EDICION
Mención de edición 3RD ED.
260 ## - PUBLICACIÓN, DISTRIBUCIÓN, ETC.
Lugar de publicación, distribución, etc. Estados Unidos
Nombre del editor, distribuidor, etc. PEARSON PRENTICE HALL
Fecha de publicación, distribución, etc. 2009
260 ## - PUBLICACIÓN, DISTRIBUCIÓN, ETC.
Lugar de publicación, distribución, etc. S.L.
300 ## - DESCRIPCIÓN FÍSICA
Extensión 561
650 ## - PUNTO DE ACCESO ADICIONAL DE MATERIA--TÉRMINO DE MATERIA
Término de materia o nombre geográfico como elemento de entrada CARTOGRAFIA
650 ## - PUNTO DE ACCESO ADICIONAL DE MATERIA--TÉRMINO DE MATERIA
Término de materia o nombre geográfico como elemento de entrada EXPLORACION ESPACIAL
650 ## - PUNTO DE ACCESO ADICIONAL DE MATERIA--TÉRMINO DE MATERIA
Término de materia o nombre geográfico como elemento de entrada MAPAS-PROYECCIONES
650 ## - PUNTO DE ACCESO ADICIONAL DE MATERIA--TÉRMINO DE MATERIA
Término de materia o nombre geográfico como elemento de entrada TECNICAS DE MAPEO
942 ## - ELEMENTOS DE ENTRADA SECUNDARIOS (KOHA)
Tipo de ítem Koha Libros
Existencias
Estatus retirado Estado de pérdida Fuente de la clasificación o esquema de estantería Estado de daño No para préstamo Biblioteca de origen Biblioteca actual Fecha de adquisición Coste, precio normal de compra Etiqueta RFID Total de préstamos Signatura topográfica completa Código de barras Copia número Tipo de ítem Koha Nota pública
    Clasificación Decimal Dewey     CENTRO DE INFORMACIÓN BIBLIOTECARIA CENTRO DE INFORMACIÓN BIBLIOTECARIA 04/05/2009 125.00 0000000000000000036160   526 61049 1 Libros FICT. ESPOL
    Clasificación Decimal Dewey     CENTRO DE INFORMACIÓN BIBLIOTECARIA CENTRO DE INFORMACIÓN BIBLIOTECARIA 04/05/2009 125.00 0000000000000000036161   526 61050 2 Libros FICT. ESPOL

Copyright 2025 ESPOL. Todos los derechos reservados.